Stade Rennais players since 2000 - Statistics

General Stats
  • This quiz has been taken 9 times
  • The average score is 74 of 292
Answer Stats
Ranking Player Positions Nationality Matches Goals Assists Periods % Correct
8 Benjamin André DF, MF 154 7 7 2014-2019
88%
2 Benjamin Bourigeaud MF, FW 241 52 47 2017-2025
88%
3 Benoît Costil GK 219 0 0 2011-2017
88%
200 Djimi Traoré DF 15 0 0 2007-2008
75%
159 Edouard Mendy GK 25 0 0 2019-2021
75%
4 Hamari Traoré DF 190 5 23 2017-2023
75%
15 Mexer DF 120 5 1 2014-2019
75%
17 Yoann Gourcuff MF 115 13 8 2003-2005, 2015-2018
75%
150 Abdoul Camara MF, FW 27 0 0 2008-2009, 2010-2012
63%
31 Alexander Frei FW 100 48 10 2002-2006
63%
237 Bira Dembélé DF 9 0 0 2007-2009
63%
93 Ismaila Sarr MF, FW 59 13 9 2017-2019
63%
20 Martin Terrier MF, FW 111 46 17 2020-2024
63%
76 Nayef Aguerd DF 66 5 3 2020-2022
63%
157 Ousmane Dembélé MF, FW 26 12 5 2015-2016
63%
149 Raphinha MF, FW 28 6 5 2019-2021
63%
1 Romain Danzé DF, MF 323 8 14 2006-2018
63%
44 Steve Mandanda GK 86 0 1 2022-2025
63%
12 Yann M'Vila MF 126 2 4 2009-2013
63%
10 Adrien Truffert DF, MF 150 7 15 2020-2025
50%
84 Arthur Theate DF 63 6 0 2022-2024
50%
186 Brice Samba GK 17 0 0 2024-2025
50%
103 Christopher Wooh DF 51 1 0 2022-2025
50%
42 Damien Da Silva DF, MF 88 7 3 2018-2021
50%
123 Daniel Moreira FW 39 0 1 2006-2008
50%
98 Désiré Doué MF, FW 57 7 5 2022-2024
50%
182 Doğan Alemdar GK 18 0 0 2021-2023
50%
154 Guela Doué DF 26 0 2 2022-2024
50%
216 Jérémy Jacquet DF 12 0 1 2023-2025
50%
7 Jimmy Briand MF, FW 169 33 21 2002-2010
50%
89 Lovro Majer MF, FW 62 8 13 2021-2024
50%
70 Petr Čech GK 69 0 0 2002-2004
50%
97 Steven Moreira DF, MF 58 0 1 2012-2017
50%
27 Sylvain Armand DF 103 2 1 2013-2017
50%
13 Adrien Hunou MF, FW 124 25 3 2013-2014, 2016-2021
38%
189 Albert Grønbaek MF, FW 16 2 1 2024-2025
38%
109 Alfred Gomis GK 47 0 0 2020-2022
38%
48 Amine Gouiri MF, FW 83 25 8 2022-2025
38%
32 Baptiste Santamaria DF, MF 99 4 3 2021-2025
38%
92 Birger Meling DF 59 0 5 2021-2024
38%
187 Carlos Gómez DF, MF 17 3 0 2024-2025
38%
191 Djaoui Cissé MF 16 1 0 2023-2025
38%
65 Eduardo Camavinga DF, MF 71 2 4 2018-2022
38%
160 Enzo Le Fée MF, FW 25 0 1 2023-2024
38%
9 Étienne Didot MF 152 5 10 2001-2008
38%
202 Fabian Rieder MF, FW 15 1 0 2023-2024
38%
285 Gauthier Gallon GK 1 0 0 2024-2025
38%
155 Hans Hateboer DF, MF 26 0 0 2024-2025
38%
132 Ibrahim Salah MF, FW 36 4 1 2022-2024
38%
60 Jeremy Doku MF, FW 75 10 7 2020-2024
38%
41 Joris Gnagnon DF 89 3 3 2015-2017, 2019-2020
38%
135 Kamaldeen Sulemana MF, FW 34 5 2 2021-2023
38%
233 Kazeem Olaigbe MF, FW 10 0 2 2024-2025
38%
253 Kyogo Furuhashi FW 6 0 0 2024-2025
38%
194 Leo Skiri Østigård DF 16 1 0 2024-2025
38%
207 Lilian Brassier DF 14 1 1 2024-2025
38%
62 Ludovic Baal DF, MF 74 0 7 2015-2019
38%
96 Ludovic Blas MF, FW 58 10 9 2023-2025
38%
205 Mahamadou Nagida DF 15 2 0 2023-2025
38%
87 Mickaël Pagis FW 63 17 8 2007-2010
38%
218 Mohamed Meité FW 12 2 0 2024-2025
38%
226 Musa Al-Taamari MF, FW 11 1 0 2024-2025
38%
213 Nemanja Matić MF 13 0 0 2023-2024
38%
6 Olivier Monterrubio MF 170 32 42 2001-2006
38%
5 Olivier Sorlin MF 189 10 12 2001-2008
38%
290 Papakouli Diop MF 1 0 0 2006-2007
38%
55 Ramy Bensebaini DF, MF 79 1 1 2016-2019
38%
56 Romain Del Castillo MF, FW 79 2 13 2018-2022
38%
171 Romain Salin GK 20 0 0 2019-2022
38%
241 Sacha Boey DF 8 0 0 2018-2021
38%
75 Tomáš Koubek GK 67 0 0 2017-2019
38%
61 Warmed Omari DF 75 1 0 2021-2024
38%
180 Abdoulaye Diallo GK 18 0 0 2009-2010, 2011-2012, 2015-2016, 2017-2019
25%
59 Abdoulaye Doucouré MF, FW 75 12 12 2012-2016
25%
165 Alidu Seidu DF 22 0 0 2023-2025
25%
88 Andreas Isaksson GK 62 0 0 2004-2006
25%
209 Andrés Fleurquin MF 13 0 0 2002-2003
25%
45 Anthony Réveillère DF 84 2 2 2000-2003
25%
220 Anthony Rouault DF 11 0 0 2024-2025
25%
36 Arnaud Kalimuendo MF, FW 93 34 7 2022-2025
25%
95 Arnaud Le Lan DF 58 0 1 2002-2005
25%
107 Asamoah Gyan FW 48 14 2 2008-2011
25%
278 Ayanda Sishuba MF, FW 1 0 0 2024-2025
25%
120 Azor Matusiwa MF 41 1 4 2023-2025
25%
168 Bertuğ Yıldırım FW 21 0 1 2023-2024
25%
231 Brandon Soppy DF, MF 10 0 0 2020-2021
25%
37 Bruno Cheyrou MF 93 7 3 2006-2010
25%
80 Carlos Bocanegra DF 64 2 1 2008-2010
25%
266 Cheick N'Diaye GK 3 0 0 2008-2009, 2012-2013
25%
73 Clément Grenier MF, FW 67 7 8 2018-2021
25%
24 Cyril Jeunechamp DF, MF 108 4 2 2002-2008
25%
190 Cyril Yapi MF 16 0 0 2001-2003
25%
281 Daniele Rugani DF 1 0 0 2020-2021
25%
16 Dominique Arribagé DF 117 12 2 2000-2004
25%
144 Éric Durand GK 29 0 0 2001-2003
25%
71 Erik Edman DF 68 0 3 2005-2008
25%
25 Fabien Lemoine MF 105 1 3 2007-2011
25%
283 Fabrice Fernandes MF 1 0 0 2001-2002
25%
33 Flavien Tait MF, FW 98 10 10 2019-2023
25%
183 François Grenet DF 18 0 0 2002-2004
25%
215 Frédéric Jay DF 12 0 0 2002-2003
25%
127 Gaëtan Laborde MF, FW 38 14 8 2021-2023
25%
38 Gelson Fernandes MF 93 1 1 2014-2017
25%
223 Georgi Ivanov FW 11 0 1 2002-2003
25%
261 Georginio Rutter MF, FW 4 0 0 2020-2021
25%
145 Gerzino Nyamsi DF 29 1 0 2017-2021
25%
72 Giovanni Sio MF, FW 68 16 8 2015-2017
25%
211 Glen Kamara MF 13 0 1 2024-2025
25%
22 Grégory Bourillon DF, MF 110 0 1 2002-2007
25%
156 Hatem Ben Arfa MF, FW 26 7 2 2018-2019
25%
263 Henrik Meister FW 4 1 0 2024-2025
25%
124 Ismaël Bangoura FW 39 8 3 2009-2011
25%
192 Jakob Johansson MF 16 1 0 2018-2019
25%
19 Jean-Armel Kana-Biyik DF 113 3 0 2010-2014
25%
138 Jeanuël Belocian DF, MF 32 0 1 2021-2024
25%
11 Jérôme Leroy MF 127 13 25 2007-2011
25%
23 Jirès Kembo Ekoko FW 110 16 3 2006-2013
25%
118 Jocelyn Gourvennec MF 43 3 6 2000-2002
25%
193 Joe Rodon DF 16 1 0 2022-2023
25%
82 John Mensah DF 64 2 0 2005-2007, 2012-2013
25%
117 Jonas Martin DF, MF 44 1 1 2019-2022
25%
39 Jonathan Pitroipa MF, FW 91 13 14 2011-2014
25%
163 Jordan James MF 23 0 1 2024-2025
25%
146 Jordan Pefok FW 29 3 2 2018-2020
25%
239 Jota MF, FW 9 1 0 2024-2025
25%
40 Julien Escudé DF 90 0 2 2000-2003
25%
43 Julien Féret MF 88 19 16 2011-2014
25%
28 Kader Mangane DF, MF 102 9 0 2008-2012
25%
53 Kamil Grosicki MF, FW 81 13 12 2013-2017
25%
34 Kévin Théophile-Catherine DF 96 3 2 2009-2014
25%
50 Kim Källström MF 83 20 11 2003-2006
25%
35 Lamine Diatta DF 96 6 2 2000-2004
25%
204 Loïc Bade DF 15 0 2 2021-2023
25%
57 Lorenz Assignon DF, MF 78 4 8 2021-2025
25%
66 Lucas Severino FW 71 6 5 2000-2001, 2003-2004
25%
224 Luís Fabiano FW 11 0 0 2000-2002
25%
112 Makhtar N'Diaye MF 46 6 4 2000-2003
25%
289 Mathis Lambourde MF, FW 1 0 0 2023-2024
25%
247 Mathys Tel MF, FW 7 0 0 2021-2022
25%
177 Matthis Abline MF, FW 19 1 0 2020-2023
25%
83 M'Baye Niang MF, FW 64 22 4 2018-2021
25%
101 Mehdi Zeffane DF, MF 52 2 2 2015-2019
25%
268 Michaël Citony MF 3 0 0 2000-2001, 2002-2003
25%
225 Mikayil Ngor Faye DF 11 0 0 2024-2025
25%
21 Nicolas Douchez GK 111 0 0 2008-2011
25%
77 Olivier Echouafni MF 66 4 3 2000-2003
25%
63 Paul-Georges Ntep MF, FW 74 19 13 2013-2017
25%
29 Petter Hansson DF 102 4 2 2007-2010
25%
67 Philippe Delaye MF 71 12 8 2000-2003
25%
291 Raïs M'Bolhi GK 1 0 0 2017-2018
25%
18 Rod Fanni DF 114 2 4 2007-2011
25%
133 Sadio Diallo MF, FW 36 0 0 2012-2014
25%
197 Seko Fofana MF 16 1 1 2024-2025
25%
79 Serhou Guirassy FW 65 19 1 2020-2023
25%
64 Simon Pouplin GK 74 0 0 2003-2004, 2005-2008
25%
131 Stéphane Dalmat MF 37 2 3 2010-2012
25%
114 Stéphane Grégoire MF 46 1 0 2000-2002
25%
26 Stéphane Mbia DF, MF 105 4 2 2004-2009
25%
115 Stéphane N'Guéma FW 46 4 1 2002-2006
25%
125 Steven Nzonzi MF 39 1 1 2019-2021
25%
141 Sylvain Wiltord MF, FW 31 6 3 2007-2009
25%
162 Wahbi Khazri MF, FW 24 9 2 2017-2018
25%
139 Wesley Saïd MF, FW 32 4 0 2013-2014, 2015-2017
25%
185 Yann Gboho MF, FW 18 1 1 2019-2021
25%
52 Abdeslam Ouaddou DF, MF 81 5 2 2003-2006
13%
198 Abdoulaye Sané FW 15 0 1 2012-2013
13%
119 Adaílton DF 42 0 4 2004-2006
13%
158 Adama Diakhaby MF, FW 25 4 0 2016-2017
13%
229 Afonso Figueiredo DF, FW 10 0 0 2016-2018
13%
236 Alain Rochat DF, MF 9 0 0 2005-2006
13%
265 Alan Do Marcolino FW 3 0 0 2022-2023
13%
230 Aldo Kalulu MF, FW 10 0 1 2016-2017
13%
91 Alexander Tettey DF, MF 60 2 2 2009-2012
13%
214 Alou Diarra MF 12 0 0 2012-2013
13%
105 Anders Konradsen MF 49 3 1 2012-2015
13%
248 Andy Diouf MF 6 0 0 2020-2022
13%
277 Armand Lauriente MF, FW 1 0 0 2018-2019
13%
140 Arnold Mvuemba MF, FW 31 1 2 2003-2007
13%
259 Axel Ngando MF 4 1 0 2012-2013
13%
137 Bernard Lama GK 32 0 0 2000-2001
13%
221 Brandon MF, FW 11 1 0 2017-2018
13%
102 Cédric Barbosa MF 51 2 4 2003-2006
13%
249 Cédric Bardon MF, FW 6 0 0 2000-2001
13%
181 Cédric Hountondji DF 18 1 0 2013-2014
13%
129 César DF 37 2 0 2000-2002
13%
173 Cheick Fantamady Diarra MF, FW 19 1 0 2011-2014
13%
54 Cheikh M'Bengue DF 80 0 2 2013-2016
13%
121 Chris Mavinga DF 41 0 1 2011-2013
13%
279 Christian Bassila DF, MF 1 0 0 2000-2001
13%
238 Christian Brüls MF, FW 9 0 3 2014-2015
13%
104 Christophe Le Roux MF 50 12 8 2000-2002
13%
280 Christophe Revel GK 1 0 0 2001-2002
13%
244 Clément Chantôme MF 7 0 0 2016-2017
13%
116 Cyril Chapuis FW 44 13 2 2000-2002
13%
210 Dalbert Henrique DF, MF 13 0 1 2020-2021
13%
271 Denis-Will Poha MF 2 0 0 2018-2019
13%
199 Diafra Sakho FW 15 2 0 2017-2019
13%
272 Dimitri Cavaré DF 2 0 0 2016-2017
13%
174 Dimitri Foulquier DF, MF 19 0 0 2011-2014
13%
240 Djed Spence DF 8 0 0 2022-2023
13%
201 Dudu Cearense MF 15 0 0 2004-2005
13%
282 Ejike Uzoenyi MF, FW 1 0 0 2012-2013
13%
175 Elderson Echiéjilé DF 19 0 0 2007-2009
13%
222 Emerson DF 11 0 0 2013-2014
13%
267 Emerson Sheik FW 3 0 0 2007-2008
13%
250 Ermir Lenjani DF, FW 6 0 1 2014-2017
13%
232 Fabien Debec GK 10 0 0 2000-2002
13%
78 Faitout Maouassa DF, MF, FW 65 3 4 2017-2018, 2019-2021
13%
130 Fallou Diagne DF, MF 37 5 0 2014-2016
13%
251 Florent Chaigneau GK 6 0 0 2003-2004
13%
148 Foued Kadir MF 28 6 3 2013-2014
13%
284 Franck Julienne FW 1 0 0 2010-2011
13%
49 Frédéric Piquionne FW 83 18 2 2001-2004
13%
260 Gabriel Loeschbor DF 4 0 0 2002-2003
13%
166 Gaël Danic MF 22 0 1 2000-2002
13%
134 Georges Mandjeck DF, MF 34 0 0 2010-2012
13%
167 Grégory Paisley DF 22 0 1 2000-2002
13%
273 Grégory Tanagro DF 2 0 0 2003-2004
13%
262 Grégory Vignal DF 4 0 0 2003-2004
13%
206 Guillaume Borne DF 14 0 0 2006-2009
13%
151 Habib Habibou FW 27 3 1 2014-2016
13%
254 Hérita Ilunga DF 5 0 0 2012-2013
13%
212 Ismaël Koné MF, FW 13 2 1 2024-2025
13%
203 Ivica Mornar MF, FW 15 0 3 2004-2005
13%
14 Jacques Faty DF 123 0 0 2002-2007
13%
46 James Lea Siliki MF, FW 84 3 5 2016-2021
13%
100 Jean-Joël Perrier-Doumbé DF 56 0 1 2004-2007
13%
94 Jean Makoun MF 59 3 6 2012-2015
13%
152 Jeremie Boga MF, FW 27 2 0 2015-2016
13%
81 Jérémy Gélin DF, MF 64 0 2 2017-2020
13%
169 Jérémy Morel DF 21 1 0 2019-2020
13%
286 Johann Carrasso GK 1 0 0 2010-2011
13%
85 John Boye DF 63 2 1 2010-2014
13%
86 John Utaka MF, FW 63 22 7 2005-2007
13%
245 John Verhoek FW 7 0 0 2010-2011
13%
287 Jonathan Bru MF 1 0 0 2003-2004
13%
252 Jordan Tell MF, FW 6 1 0 2017-2018
13%
217 Juan Quintero MF, FW 12 1 0 2015-2016
13%
246 Julián Estéban FW 7 1 0 2006-2009
13%
255 Junichi Inamoto MF 5 0 0 2009-2010
13%
188 Karl Toko Ekambi MF, FW 17 3 2 2022-2023
13%
234 Kermit Erasmus MF, FW 10 0 0 2015-2017
13%
288 Kévin Beauverger DF 1 0 0 2012-2013
13%
274 Kévin Bru MF 2 0 0 2006-2007
13%
153 Laurent Batlles MF 27 2 2 2001-2003
13%
110 Lesley Ugochukwu MF 47 1 1 2020-2023
13%
256 Lhadji Badiane FW 5 0 0 2007-2008
13%
235 Loum Tchaouna MF, FW 10 0 0 2021-2022
13%
275 Lucas Da Cunha MF, FW 2 0 0 2019-2020
13%
195 Lucien Aubey DF 16 0 0 2008-2010
13%
142 Mario Melchiot DF 30 2 1 2006-2007
13%
176 Mario Turdó FW 19 3 0 2000-2001
13%
108 Mevlüt Erdinç FW 48 15 4 2011-2014
13%
170 Morgan Amalfitano MF 20 1 0 2016-2018
13%
51 Moussa Sow MF, FW 82 12 5 2004-2010
13%
269 Naouirou Ahamada MF, FW 3 0 0 2024-2025
13%
136 Ndombe Mubele MF, FW 34 8 1 2016-2018
13%
143 Nélson Oliveira FW 30 8 1 2013-2014
13%
227 Nicolas Janvier MF 11 0 0 2015-2019
13%
113 Ola Toivonen MF, FW 46 14 2 2013-2016
13%
58 Olivier Thomert MF, FW 78 11 4 2006-2010
13%
164 Onyekachi Apam DF 23 0 0 2011-2013
13%
178 Patrice Luzi GK 19 0 0 2007-2008
13%
69 Pedro Henrique MF, FW 70 5 6 2014-2017
13%
122 Pedro Mendes DF 41 0 0 2015-2017
13%
219 Philipp Hosiner FW 12 0 1 2014-2015
13%
264 Prince Oniangué DF, MF 4 0 0 2008-2009
13%
276 Rafik Guitane MF, FW 2 0 0 2019-2020
13%
128 Razak Boukari MF, FW 38 7 2 2010-2012
13%
106 Romain Alessandrini MF, FW 49 16 11 2012-2014
13%
196 Samuel Souprayen DF 16 0 0 2010-2011
13%
90 Sanjin Prcić MF 61 3 4 2014-2015, 2016-2018
13%
257 Sébastien Puygrenier DF 5 0 0 2002-2003
13%
270 Sebastien Salles-Lamonge MF 3 0 0 2015-2016
13%
228 Silvio Romero FW 11 2 0 2013-2014
13%
242 Souleyman Doumbia DF, FW 8 0 0 2018-2020
13%
30 Sylvain Marveaux MF, FW 102 16 10 2006-2011
13%
161 Tiemoué Bakayoko MF 24 1 0 2013-2014
13%
74 Toifilou Maoulida FW 67 12 1 2001-2005
13%
111 Tongo Doumbia MF 47 2 2 2009-2012
13%
179 Tony Vairelles DF, FW 19 1 0 2003-2004
13%
184 Vânder MF 18 0 1 2000-2002
13%
68 Víctor Montaño FW 71 16 7 2010-2013
13%
47 Vincent Pajot MF 84 1 3 2011-2015
13%
243 Xeka MF 8 0 0 2022-2023
13%
126 Yacine Brahimi MF, FW 39 6 2 2010-2012
13%
172 Yacouba Sylla MF 20 0 1 2015-2016
13%
208 Yassine Jebbour DF, MF 14 0 0 2010-2014
13%
147 Yoann Bigné MF 29 0 0 2000-2002
13%
292 Yohann Lasimant MF 1 0 0 2008-2009
13%
99 Youssouf Hadji MF, FW 57 9 5 2005-2006, 2011-2012
13%
258 Zana Allée MF, FW 5 0 0 2013-2014
13%
No matching quizzes found
Score Distribution
Percent of People with Each Score
Percentile by Number Answered
Your Score History
You have not taken this quiz